MARC details
| 000 -LEADER |
| fixed length control field |
01402nam a22003857a 4500 |
| 005 - DATE AND TIME OF LATEST TRANSACTION |
| control field |
20260328152051.0 |
| 008 - FIXED-LENGTH DATA ELEMENTS--GENERAL INFORMATION |
| fixed length control field |
260328b2000 cau||||| ||q| 00| fneng d |
| 024 ## - OTHER STANDARD IDENTIFIER |
| Qualifying information |
794043520228 |
| 028 ## - PUBLISHER OR DISTRIBUTOR NUMBER |
| Source |
794043520228 |
| 040 ## - CATALOGING SOURCE |
| Original cataloging agency |
aue |
| Transcribing agency |
aue |
| Description conventions |
rda |
| 041 ## - LANGUAGE CODE |
| Language code of text/sound track or separate title |
eng |
| 050 #0 - LIBRARY OF CONGRESS CALL NUMBER |
| Classification number |
PN1997 |
| Item number |
.T48 2000 |
| 245 00 - TITLE STATEMENT |
| Title |
Thirteen days/ |
| Statement of responsibility, etc. |
directed by Roger Donaldson. |
| 264 #1 - PRODUCTION, PUBLICATION, DISTRIBUTION, MANUFACTURE, AND COPYRIGHT NOTICE |
| Place of production, publication, distribution, manufacture |
[United States] : |
| Name of producer, publisher, distributor, manufacturer |
New Line Home Entertainment, |
| Date of production, publication, distribution, manufacture, or copyright notice |
2000. |
| 300 ## - PHYSICAL DESCRIPTION |
| Extent |
1 DVD (130 min.) : |
| Other physical details |
sound, color ; |
| Dimensions |
4 3/4 in. |
| 336 ## - CONTENT TYPE |
| Source |
rdacontent |
| Content type term |
two-dimensional moving image |
| Content type code |
tdi |
| 337 ## - MEDIA TYPE |
| Source |
rdamedia |
| Media type term |
video |
| Media type code |
v |
| 338 ## - CARRIER TYPE |
| Source |
rdacarrier |
| Carrier type term |
videodisc |
| Carrier type code |
vd |
| 344 ## - SOUND CHARACTERISTICS |
| Source |
rda |
| Type of recording |
digital |
| Recording medium |
optical |
| 347 ## - DIGITAL FILE CHARACTERISTICS |
| Source |
rda |
| File type |
video file |
| Encoding format |
DVD video |
| 500 ## - GENERAL NOTE |
| General note |
Originally released as a motion picture in 2000. |
| 508 ## - CREATION/PRODUCTION CREDITS NOTE |
| Creation/production credits note |
Director, Roger Donaldson. |
| 511 1# - PARTICIPANT OR PERFORMER NOTE |
| Participant or performer note |
Kevin Costner, Bruce Greenwood. |
| 520 ## - SUMMARY, ETC. |
| Summary, etc. |
A dramatization of the Cuban Missile Crisis of 1962 and the decisions made by President John F. Kennedy and his advisors. |
| 538 ## - SYSTEM DETAILS NOTE |
| System details note |
DVD; region 1; NTSC; widescreen. |
| 546 ## - LANGUAGE NOTE |
| Language note |
In English. |
| 650 #0 - SUBJECT ADDED ENTRY--TOPICAL TERM |
| Topical term or geographic name entry element |
Cuban Missile Crisis, 1962 |
| General subdivision |
Drama. |
| 650 #0 - SUBJECT ADDED ENTRY--TOPICAL TERM |
| Topical term or geographic name entry element |
Cold War |
| General subdivision |
Drama. |
| 650 #0 - SUBJECT ADDED ENTRY--TOPICAL TERM |
| Source of heading or term |
lcgft |
| Topical term or geographic name entry element |
Historical films. |
| 700 1# - ADDED ENTRY--PERSONAL NAME |
| Personal name |
Donaldson, Roger, |
| Relator term |
film director. |
| 700 1# - ADDED ENTRY--PERSONAL NAME |
| Personal name |
Costner, Kevin, |
| Relator term |
actor. |
| 700 1# - ADDED ENTRY--PERSONAL NAME |
| Personal name |
Greenwood, Bruce |
| Relator term |
actor. |
| 710 ## - ADDED ENTRY--CORPORATE NAME |
| Corporate name or jurisdiction name as entry element |
New Line Cinema, |
| Relator term |
production company. |
| 942 ## - ADDED ENTRY ELEMENTS (KOHA) |
| Source of classification or shelving scheme |
Library of Congress Classification |
| Koha item type |
CD |
| Suppress in OPAC |
No |